000 00370nam a2200145Ia 4500
008 191201s2009 xx 000 0 und d
082 _a658.3
_bRUD
100 _aRUDRABASAVARAJ, MN
245 0 _aDynamic Personnel Administration Management
250 _aRep
260 _aN.Delhi
_bHimalaya Publication House
_c2009
300 _a713
650 _aMBA
942 _2ddc
_cBK
999 _c4318
_d4318